Vonkajšie ekonomické vzťahy v podnikaní priemyselného podniku : Diplomová práca

Guardado en:
Detalles Bibliográficos
Autor principal: Šulecová, Jana (Autor)
Otros Autores: Červeňan, Štefan (xxx)
Formato: Manuscrito Libro
Lenguaje:eslovaco
Publicado: Trnava : STU v Bratislave MtF KMK, 1998
Materias:
Etiquetas: Agregar Etiqueta
Sin Etiquetas, Sea el primero en etiquetar este registro!

MARC

LEADER 00000ntm a22000003a 4500
001 stu74508
005 20160719155104.8
008 020304s1998----xo------------------slo-d
040 |a STU  |b slo 
041 0 |a slo 
044 |a xo 
100 1 |a Šulecová, Jana  |4 aut 
245 1 |a Vonkajšie ekonomické vzťahy v podnikaní priemyselného podniku :  |b Diplomová práca 
260 |a Trnava :  |b STU v Bratislave MtF KMK,  |c 1998 
300 |a 93 s  |c výťah + príl. 
650 7 |a manažment priemyselných podnikov  |2 stusub 
650 7 |a manažment strategický  |2 stusub 
700 1 |a Červeňan, Štefan  |4 xxx  |u M190  |U MTF Materiálovotechnologická fakulta  |T MTF Katedra priemyselného inžinierstva a manažmentu  |U M190  |Y 167 
996 |b 284M041825  |c M*DP-1085  |l MMSKP  |s P  |a 0  |w stu74508_0001